|
|
|
|
| LEADER |
00000cam a22000004a 4500 |
| 001 |
musev2_89700 |
| 003 |
MdBmJHUP |
| 005 |
20230905052956.0 |
| 006 |
m o d |
| 007 |
cr||||||||nn|n |
| 008 |
200815s2020 dcu o 00 0 eng d |
| 020 |
|
|
|a 9780813233147
|
| 020 |
|
|
|z 9780813233130
|
| 035 |
|
|
|a (OCoLC)1183832317
|
| 040 |
|
|
|a MdBmJHUP
|c MdBmJHUP
|
| 100 |
1 |
|
|a McCormack, Edward J.,
|d 1960-
|e author.
|
| 245 |
1 |
2 |
|a A Guide to Formation Advising for Seminary Faculty :
|b Accompaniment, Participation, and Evaluation /
|c Deacon Edward J. McCormack ; foreword by Ronald J. Witherup, PSS.
|
| 264 |
|
1 |
|a Washington, DC :
|b The Catholic University of America Press,
|c 2020.
|
| 264 |
|
3 |
|a Baltimore, Md. :
|b Project MUSE,
|c 2022
|
| 264 |
|
4 |
|c ©2020.
|
| 300 |
|
|
|a 1 online resource (176 pages).
|
| 336 |
|
|
|a text
|b txt
|2 rdacontent
|
| 337 |
|
|
|a computer
|b c
|2 rdamedia
|
| 338 |
|
|
|a online resource
|b cr
|2 rdacarrier
|
| 588 |
|
|
|a Description based on print version record.
|
| 610 |
2 |
7 |
|a Catholic Church.
|2 fast
|0 (OCoLC)fst00531720
|
| 610 |
2 |
0 |
|a Catholic Church
|x Clergy
|x Training of.
|
| 650 |
|
7 |
|a Priesthood
|x Catholic Church.
|2 fast
|0 (OCoLC)fst01767423
|
| 650 |
|
7 |
|a Pastoral theology
|x Catholic Church.
|2 fast
|0 (OCoLC)fst01054696
|
| 650 |
|
7 |
|a Clergy
|x Training of.
|2 fast
|0 (OCoLC)fst00864096
|
| 650 |
|
7 |
|a Catholic theological seminaries.
|2 fast
|0 (OCoLC)fst00849263
|
| 650 |
|
0 |
|a Pastoral theology
|x Catholic Church.
|
| 650 |
|
0 |
|a Priesthood
|x Catholic Church.
|
| 650 |
|
0 |
|a Catholic theological seminaries.
|
| 655 |
|
7 |
|a Electronic books.
|2 local
|
| 700 |
1 |
|
|a Witherup, Ronald D.,
|d 1950-
|e writer of foreword.
|
| 710 |
2 |
|
|a Project Muse.
|e distributor
|
| 830 |
|
0 |
|a Book collections on Project MUSE.
|
| 856 |
4 |
0 |
|z Texto completo
|u https://projectmuse.uam.elogim.com/book/89700/
|
| 945 |
|
|
|a Project MUSE - Custom Collection
|